Kick off - zahájenie projektu

Úspešná prezentácia projektu. Základné požiadavky na prezentáciu. Štruktúrovanie a spracovanie prezentácie. Empatia a kontakt s poslucháčmi. Spôsob vyjadrovania, hlasový prejav prednášateľa.

Enregistré dans:
Détails bibliographiques
Auteur principal: Ďurik, Martin
Format: Chapitre de livre
Langue:slovaque
Sujets:
Tags: Ajouter un tag
Pas de tags, Soyez le premier à ajouter un tag!

MARC

LEADER 00000nla$a2200000$$$4500
001 0142313
005 20240502072541.7
041 0 |a slo 
044 |a SK 
245 1 0 |a Kick off - zahájenie projektu  |c Martin Ďurik 
520 |a Úspešná prezentácia projektu. Základné požiadavky na prezentáciu. Štruktúrovanie a spracovanie prezentácie. Empatia a kontakt s poslucháčmi. Spôsob vyjadrovania, hlasový prejav prednášateľa. 
610 2 0 |a prezentácia 
610 2 0 |a projekty 
610 2 0 |a komunikácia 
100 1 |a Ďurik, Martin